1702 1225 1392 1963 1812 1380 1268 1723 1162 1713 1945 1462 1013 1094 1795 1383 1914 1382 1603 1745 1146 1649 1016 1278 1717 1079 1193 1281 1582 1147 1192 1874 1138 1412 1600 1156 1281 1160 1175 1477 1429 1553 1097 1830 1208 1055 1508 1507 1184 1387 1074 1530 1347 1653 1129 1415 1687 1181 1802 1463 1989 1411 1448 1142 1836 1417 1072 1265 1638 1943 1048 1325 1326 1520 1519 1138 1501 1003 1468 1582 1675 1214 1946 1167 1398 1349 1468 1182 1182 1923 1685 1208 1612 1135 1358 1384 1716 1781 1078 BCNSPRNW ULIB Ver.6.0+V

เปลี่ยนเป็นภาษาไทย

Change to English
 แสดงรายละเอียดบรรณานุกรม
  กลับหน้าหลัก

Brief Record : Get Marc (ISO 2709) : E-mail record : QR code < ปิดหน้าต่าง
LEADER : 00000nam 2200000uu 4500
001    13399115173
003     ULIB
008    120717s2545||||th 000 0 tha d
020    ^a9743406549
060 04 ^aWS366^bว349ว 2545
245 00 ^aเวชปฏิบัติทางกุมารเวชศาสตร์ /^cนวลอนงค์ วิศิษฏสุนทร ...[และคนอื่นๆ]
250    ^aพิมพ์ครั้งที่ 1
260    ^aกรุงเทพฯ :^bชวนพิมพ์,^c2545
300    ^a410 หน้า :^bภาพประกอบ ;^c26 ซม.
650  7 ^aกุมารเวชศาสตร์
653    ^aผลงานอาจารย์คณะแพทยศาสตร์ศิริราชพยาบาล
700 0  ^aนวลอนงค์ วิศิษฏสุนทร
945    ^p0^l0^i15525
995    ^aกัณชพร
999    ^aใช้งานได้ทุกระบบ
รายการนี้ยังไม่มีแท็ก
คุณยังไม่ได้ล็อกอิน คุณสามารถมีกิจกรรมร่วมกับเว็บไซต์ได้ แต่ต้องล็อกอินก่อน ::
  ล็อกอิน

รายการสื่อสารสนเทศ

ลำดับที่ ประเภท เลขเรียก/บาร์โค้ด สถานที่ สถานะ
- ไม่พบข้อมูล -

รายการใกล้เคียง
    หัวเรื่อง [กุมารเวชศาสตร์]

BibComment


ยังไม่เคยถูกคอมเมนท์

คอมเมนท์ทรัพยากรรายการนี้
  คอมเมนท์: เวชปฏิบัติทางกุม..


 Copyright 2026. Bcnsprnw @Library